[Event "GER-ch U14 Girls"]
[Site "Willingen"]
[Date "2016.05.20"]
[Round "8"]
[White "Albert, Eske"]
[Black "Mirschel, Alina"]
[Result "1-0"]
[WhiteElo "1166"]
[BlackElo "1008"]
[PlyCount "93"]
[EventDate "2016.05.15"]
[EventType "swiss"]
[EventRounds "9"]
[EventCountry "GER"]
[SourceTitle "CBM 172 Extra"]
[Source "ChessBase"]
[SourceDate "2016.06.21"]
[SourceVersion "1"]
[SourceVersionDate "2016.06.21"]
[SourceQuality "1"]

1. e4 e5 2. Nf3 Nc6 3. Bb5 a6 4. Bxc6 dxc6 5. 0-0 Bg4 6. h3 h5 7. d3 Qf6 8. Nbd2 Ne7 9. Re1 Ng6 10. d4 0-0-0 11. hxg4 hxg4 12. Nh2 Rxh2 13. Qxg4+ Kb8 14. Nf3 Rh8 15. Bg5 Qd6 16. Bxd8 Qxd8 17. dxe5 Bc5 18. Rad1 Qe7 19. Qg5 Qe6 20. b3 Rh7 21. Qd8+ Ka7 22. Ng5 Qxe5 23. Nxh7 Qh5 24. Qg5 Qxg5 25. Nxg5 f6 26. Ne6 Ne5 27. Nxc5 b6 28. Ne6 g5 29. Nxc7 Kb7 30. Ne8 a5 31. Nxf6 b5 32. Rd7+ Nxd7 33. Nxd7 Kc7 34. Nc5 Kd6 35. Nb7+ Kc7 36. Nxa5 Kb6 37. Nxc6 Kxc6 38. Rd1 b4 39. e5 g4 40. e6 g3 41. e7 gxf2+ 42. Kxf2 Kc5 43. e8Q Kb6 44. Qc8 Ka5 45. Qb8 Ka6 46. Rd7 Ka5 47. Ra7# 1-0

[Event "GER-ch U14 Girls"]
[Site "Willingen"]
[Date "2016.05.19"]
[Round "7"]
[White "Mirschel, Alina"]
[Black "Buente, Kirsten"]
[Result "0-1"]
[WhiteElo "1008"]
[BlackElo "1593"]
[PlyCount "128"]
[EventDate "2016.05.15"]
[EventType "swiss"]
[EventRounds "9"]
[EventCountry "GER"]
[SourceTitle "CBM 172 Extra"]
[Source "ChessBase"]
[SourceDate "2016.06.21"]
[SourceVersion "1"]
[SourceVersionDate "2016.06.21"]
[SourceQuality "1"]

1. e4 c6 2. d4 d5 3. e5 Bf5 4. Nf3 e6 5. Bd3 Bg6 6. Nbd2 c5 7. Bb5+ Nc6 8. c3 a6 9. Ba4 b5 10. Bc2 Qb6 11. a4 cxd4 12. axb5 dxc3 13. bxc3 Bxc2 14. Qxc2 Qxb5 15. Rb1 Qa5 16. 0-0 Nge7 17. c4 Nb4 18. Qc3 Nec6 19. cxd5 Qxd5 20. Ba3 a5 21. Nc4 Qd3 22. Qxd3 Nxd3 23. Bxf8 Kxf8 24. Rfd1 Ncb4 25. Ra1 Ke7 26. Nxa5 Rhc8 27. Nb3 h6 28. h4 Rxa1 29. Rxa1 Nc6 30. Nc1 Ncxe5 31. Nxd3 Nxd3 32. Ra7+ Kf6 33. g4 Rc1+ 34. Kg2 Ne1+ 35. Kg3 Rc3 36. g5+ hxg5 37. hxg5+ Kg6 38. Ra5 Rxf3+ 39. Kg4 Rxf2 40. Re5 Nd3 41. Re3 Rd2 42. Rg3 Nb4 43. Rb3 Nd5 44. Rg3 Rf2 45. Kh4 Rh2+ 46. Kg4 Rh5 47. Kf3 Rxg5 48. Rxg5+ Kxg5 49. Ke4 f5+ 50. Ke5 f4 51. Kxe6 f3 52. Kxd5 f2 53. Ke5 f1Q 54. Kd5 Qe2 55. Kd4 Kf4 56. Kd5 Qe5+ 57. Kc4 Ke4 58. Kb4 Qc7 59. Kb5 Kd5 60. Kb4 Qc4+ 61. Ka3 Qb5 62. Ka2 Kc4 63. Ka1 Kc3 64. Ka2 Qb2# 0-1